00518nam a22001932 450000100060000000300080000600500170001400800410003103500190007204000430009104100080013408200220014210000270016424500390019125000120023026000320024230000330027465000170030775086BD-RjUL20211209082637.0770826s1947 xx 000 0 eng c a(BD-RJUL)75304 aU.S. Army Medical Libr.cOCPdEQObeng aeng 223a572bTHB 19471 aThorpe, William Veale.00aBiochemistry for medical students. a4th ed. aLondon :bChurchill,c1947. aviii, 496 p.billus.c21 cm. aBiochemistry